| 000 | 00893nam a22002657a 4500 | ||
|---|---|---|---|
| 999 |
_c14761 _d14761 |
||
| 003 | EG-ScBUE | ||
| 005 | 20210824103039.0 | ||
| 008 | 101013s2010 ua f 000 0 eeng d | ||
| 040 |
_aEG-ScBUE _beng _erda _cEG-ScBUE _dEG-ScBUE |
||
| 082 | 0 | 4 |
_a615.1 _bSAL _222 |
| 100 | 1 |
_920348 _aAbdelsalam, Ahmed, _eauthor. |
|
| 245 | 1 | 0 |
_aBasic pharmacology / _cDr. Ahmed Abdelsalam, Dr. Mahdy Salama, professors of pharmaology. |
| 264 | 1 |
_a[Cairo] : _bAin Shams University, Faculty of Medicine, _c[2010] |
|
| 300 |
_a147 pages ; _c24 cm |
||
| 336 |
_2rdacontent _atext _btxt |
||
| 337 |
_2rdamedia _aunmediated _bn |
||
| 338 |
_2rdacarrier _avolume _bnc |
||
| 650 | 7 |
_912590 _aPharmacology. _2BUEsh |
|
| 651 | _2BUEsh | ||
| 653 |
_bGGEN _cAugust2021 |
||
| 655 |
_vReading book _934232 |
||
| 700 | 1 |
_920349 _aSalama, Mahdy, _eauthor. |
|
| 942 |
_2ddc _cBB |
||